Statistics for European Countries By Picture

Click here to take the quiz!

General Stats

  • This quiz has been taken 45 times
  • The average score is 21 of 44

Answer Stats

Answer% Correct
Spain
96%
Denmark
89%
Netherlands
86%
Norway
86%
UK
86%
Vatican City
82%
France
71%
Croatia
68%
Portugal
68%
Switzerland
68%
Monaco
64%
Ireland
61%
Belarus
57%
Iceland
57%
Malta
57%
San Marino
57%
Italy
54%
Ukraine
54%
Germany
50%
Hungary
50%
Liechtenstein
50%
Austria
46%
Montenegro
46%
Albania
43%
Finland
43%
Slovakia
39%
Bulgaria
36%
Luxembourg
36%
Macedonia
32%
Poland
32%
Slovenia
32%
Sweden
32%
Bosnia and Herzegovina
29%
Russia
29%
Andorra
25%
Estonia
25%
Belgium
21%
Latvia
21%
Lithuania
21%
Serbia
21%
Romania
18%
Czech Republic
14%
Kosovo
14%
Moldova
11%

Score Distribution

Percentile by Number Answered

Percent of People with Each Score

Your Score History

You have not taken this quiz